[Event "SVK-ch U16/18 Girls"]
[Site "Stara Lubovna"]
[Date "2022.05.25"]
[Round "6"]
[White "Blahova, Daniela"]
[Black "Vida, Reka"]
[Result "1-0"]
[WhiteElo "1035"]
[BlackElo "1000"]
[PlyCount "179"]
[EventDate "2022.05.21"]
[EventType "swiss"]
[EventRounds "9"]
[EventCountry "SVK"]
[SourceTitle "CBM 208 Extra"]
[Source "ChessBase"]
[SourceDate "2022.07.31"]
[SourceVersion "1"]
[SourceVersionDate "2022.07.31"]
[SourceQuality "1"]

1. e4 c5 2. Nf3 a6 3. d4 cxd4 4. Nxd4 e5 5. Nf3 d6 6. Bc4 h6 7. Be3 b5 8. Bd5 Qa5+ 9. c3 b4 10. Bxa8 bxc3 11. Nxc3 Nf6 12. Qa4+ Qxa4 13. Nxa4 Bd7 14. Nc3 Bc6 15. Bxc6+ Nxc6 16. Nd5 Nxd5 17. exd5 Nb4 18. 0-0 Nxd5 19. Rfe1 g5 20. h3 Bg7 21. Rad1 Nxe3 22. Rxe3 Ke7 23. Rd5 f5 24. g4 Ke6 25. Ra5 f4 26. Re4 Rb8 27. b3 Rb6 28. Nd2 d5 29. Rea4 Kf7 30. Rxa6 Rb8 31. f3 Rc8 32. Ra7+ Kg6 33. Kf2 Rd8 34. b4 e4 35. fxe4 Bd4+ 36. Kf3 Bxa7 37. Rxa7 dxe4+ 38. Nxe4 Rd3+ 39. Kg2 Rd4 40. Ra6+ Kg7 41. Nxg5 hxg5 42. b5 Rd2+ 43. Kf3 Rd3+ 44. Ke4 Rxh3 45. b6 Rh6 46. Ra7+ Kf6 47. b7 Rh8 48. Ra6+ Ke7 49. Rb6 Rb8 50. Kf5 f3 51. Kxg5 f2 52. Rf6 f1Q 53. Rxf1 Rxb7 54. a4 Kd6 55. Ra1 Rg7+ 56. Kf5 Kc7 57. a5 Kb7 58. a6+ Ka7 59. g5 Rf7+ 60. Kg6 Rc7 61. Kh6 Re7 62. g6 Re6 63. Kh7 Re3 64. g7 Rh3+ 65. Kg6 Rg3+ 66. Kf7 Rf3+ 67. Kg8 Rg3 68. Ra5 Rd3 69. Kf7 Rf3+ 70. Kg6 Rf1 71. Rg5 Kxa6 72. g8Q Rb1 73. Qe6+ Rb6 74. Qxb6+ Kxb6 75. Rg1 Kc6 76. Rd1 Kc5 77. Kf5 Kc6 78. Ke6 Kc5 79. Ke5 Kc4 80. Ke4 Kc5 81. Rd4 Kc6 82. Rd5 Kc7 83. Ke5 Kc6 84. Ke6 Kc7 85. Rd6 Kc8 86. Rd7 Kb8 87. Kd6 Kc8 88. Rh7 Kb8 89. Kc6 Ka8 90. Kb6 1-0

[Event "SVK-ch U16/18 Girls"]
[Site "Stara Lubovna"]
[Date "2022.05.23"]
[Round "3"]
[White "Vida, Reka"]
[Black "Striskova, Lucia"]
[Result "0-1"]
[WhiteElo "1000"]
[BlackElo "1923"]
[PlyCount "82"]
[EventDate "2022.05.21"]
[EventType "swiss"]
[EventRounds "9"]
[EventCountry "SVK"]
[SourceTitle "CBM 208 Extra"]
[Source "ChessBase"]
[SourceDate "2022.07.31"]
[SourceVersion "1"]
[SourceVersionDate "2022.07.31"]
[SourceQuality "1"]

1. e4 e5 2. Nf3 Nc6 3. Nc3 Nf6 4. Bc4 Nxe4 5. Nxe4 d5 6. Bxd5 Qxd5 7. Nc3 Qd8 8. d3 Bg4 9. h3 Bh5 10. g4 Bg6 11. Qe2 f6 12. Be3 Bb4 13. Bd2 Qd7 14. a3 Bc5 15. 0-0-0 0-0-0 16. Be3 Nd4 17. Bxd4 exd4 18. Ne4 Be7 19. Rde1 Rhe8 20. Nh4 Bf7 21. Nf5 Bf8 22. f3 Qd5 23. Qf2 Re6 24. Nd2 Rxe1+ 25. Rxe1 g6 26. Ng3 Qa2 27. Ne2 Qa1+ 28. Nb1 Ba2 29. Nxd4 Qxb1+ 30. Kd2 Qxb2 31. Ne6 Bxe6 32. Rxe6 Qxa3 33. Ke2 Qa2 34. Kf1 Qxe6 35. Qxa7 Qa6 36. Qe3 Qb6 37. Qe4 Qb1+ 38. Kg2 Qxc2+ 39. Kg3 Bd6+ 40. f4 Bxf4+ 41. Kxf4 Qf2+ 0-1

[Event "SVK-ch U16/18 Girls"]
[Site "Stara Lubovna"]
[Date "2022.05.21"]
[Round "1"]
[White "Kapolkova, Greta"]
[Black "Vida, Reka"]
[Result "1-0"]
[WhiteElo "1644"]
[BlackElo "1000"]
[PlyCount "59"]
[EventDate "2022.05.21"]
[EventType "swiss"]
[EventRounds "9"]
[EventCountry "SVK"]
[SourceTitle "CBM 208 Extra"]
[Source "ChessBase"]
[SourceDate "2022.07.31"]
[SourceVersion "1"]
[SourceVersionDate "2022.07.31"]
[SourceQuality "1"]

1. e4 c5 2. Nf3 g6 3. c3 Bg7 4. d4 cxd4 5. cxd4 d6 6. Nc3 Nf6 7. h3 a6 8. a4 d5 9. e5 Ne4 10. Qb3 Nc6 11. Qxd5 Nxc3 12. Qxd8+ Nxd8 13. bxc3 Nc6 14. Bc4 0-0 15. 0-0 Bd7 16. Ba3 Rfe8 17. Ng5 e6 18. Ne4 b6 19. Rfb1 Na5 20. Bd3 Bxa4 21. Rxb6 Bb5 22. Bxb5 axb5 23. Bb4 Nc4 24. Rxa8 Rxa8 25. Rxb5 Bh6 26. g3 Ra1+ 27. Kg2 Rb1 28. Rb8+ Bf8 29. Nf6+ Kg7 30. Bxf8+ 1-0